[Event "European Youth Chess Championship B16"]
[Site "Prague, Top Hotel Prague"]
[Date "2016.08.27"]
[Round "9.45"]
[White "Skladtshikov, Andrei"]
[Black "Kistrup, Nicolai"]
[Result "0-1"]
[WhiteElo "1929"]
[BlackElo "2089"]
[PlyCount "84"]
[EventDate "2016.08.18"]

1. e4 e5 2. Nf3 Nc6 3. Bb5 a6 4. Bxc6 dxc6 5. O-O f6 6. d4 exd4 7. Qxd4 Qxd4 8.
Nxd4 Bd7 9. Nc3 O-O-O 10. Be3 b6 11. Rad1 c5 12. Nde2 Re8 13. Bf4 Ne7 14. Rfe1
Ng6 15. Bg3 Bc6 16. Nf4 Nxf4 17. Bxf4 Be7 18. Nd5 Bd8 19. f3 f5 20. e5 g5 21.
Bg3 f4 22. Bf2 Re6 23. b4 Bxd5 24. Rxd5 cxb4 25. Rd4 Be7 26. Rde4 Rf8 27. Rd1
Rf5 28. Bd4 Kb7 29. Kf2 Bc5 30. Bxc5 bxc5 31. Rde1 Kc6 32. g3 a5 33. h4 fxg3+
34. Kxg3 gxh4+ 35. Kg4 Rf8 36. f4 Rg6+ 37. Kxh4 Rg2 38. R1e2 Rxf4+ 39. Kh5 Rxe4
40. Rxe4 Kd5 41. Re1 Rg6 42. Rd1+ Kxe5 0-1

[Event "European Youth Chess Championship B16"]
[Site "Prague, Top Hotel Prague"]
[Date "2016.08.27"]
[Round "9.46"]
[White "Jelinek, Michal"]
[Black "Bugar, Peter"]
[Result "1/2-1/2"]
[WhiteElo "2080"]
[BlackElo "1857"]
[PlyCount "113"]
[EventDate "2016.08.18"]

1. d4 Nf6 2. c4 c5 3. d5 e6 4. Nc3 exd5 5. cxd5 d6 6. Nf3 g6 7. e4 Bg7 8. h3
O-O 9. Bd3 a6 10. a4 Re8 11. O-O Nbd7 12. Bf4 Qc7 13. Re1 c4 14. Bf1 Rb8 15. a5
Nh5 16. Bh2 b5 17. axb6 Rxb6 18. Qc2 Ne5 19. Nxe5 Bxe5 20. Bxe5 Rxe5 21. Na4
Rb4 22. Qd2 Qb8 23. g4 Nf6 24. Qc2 Bd7 25. Re2 Rxe4 26. Rxe4 Nxe4 27. Bxc4 Bxa4
28. Rxa4 Rxa4 29. Qxa4 Nc5 30. Qa3 Qb6 31. b4 Ne4 32. Qe3 Qxe3 33. fxe3 Nc3 34.
g5 Nb5 35. e4 f6 36. h4 h6 37. gxh6 Kh7 38. Kf2 Kxh6 39. Kg3 Nc7 40. Kg4 Nb5
41. Be2 Nc7 42. Bf3 Nb5 43. Bg2 Nd4 44. Bf1 Nc2 45. Bxa6 Nxb4 46. Bb5 Nc2 47.
Be8 Nd4 48. Bd7 Nb3 49. Ba4 Nc5 50. Bc2 Nd7 51. Bd1 Ne5+ 52. Kf4 Nd3+ 53. Kg3
Ne5 54. Be2 g5 55. Bb5 Kg7 56. Be2 Kh6 57. Bb5 1/2-1/2

[Event "European Youth Chess Championship B16"]
[Site "Prague, Top Hotel Prague"]
[Date "2016.08.27"]
[Round "9.47"]
[White "Golding, James"]
[Black "Shafi, Declan"]
[Result "1-0"]
[WhiteElo "1919"]
[BlackElo "2078"]
[PlyCount "67"]
[EventDate "2016.08.18"]

1. d4 Nf6 2. c4 g6 3. Nc3 d5 4. Bg5 Ne4 5. Bh4 Nxc3 6. bxc3 Bg7 7. e3 c5 8.
cxd5 Qxd5 9. Nf3 Nc6 10. Be2 O-O 11. O-O b6 12. Nd2 cxd4 13. cxd4 Bb7 14. Bf3
Qd7 15. Rc1 Rac8 16. Nc4 b5 17. Nd2 e5 18. Ne4 Na5 19. Rxc8 Qxc8 20. Nf6+ Bxf6
21. Bxf6 e4 22. Be2 Qe6 23. Bh4 a6 24. Qd2 Nc4 25. Bxc4 Qxc4 26. Rc1 Qe6 27. h3
Bd5 28. a3 Rc8 29. Rxc8+ Qxc8 30. Qa5 Kg7 31. Kh2 Qe6 32. Qd8 Bc6 33. Be7 Bd7
34. Qf8# 1-0

[Event "European Youth Chess Championship B16"]
[Site "Prague, Top Hotel Prague"]
[Date "2016.08.27"]
[Round "9.48"]
[White "De Bock, Thijs"]
[Black "Solc, Filip"]
[Result "0-1"]
[WhiteElo "2058"]
[BlackElo "1915"]
[PlyCount "54"]
[EventDate "2016.08.18"]

1. e4 c5 2. Nf3 d6 3. d4 cxd4 4. Nxd4 Nf6 5. Nc3 Nc6 6. Bg5 e6 7. Qd2 a6 8.
O-O-O Bd7 9. f4 b5 10. Bxb5 axb5 11. Ndxb5 Nb4 12. a3 Na2+ 13. Nxa2 Bxb5 14.
Nc3 Bc4 15. e5 dxe5 16. Qe3 Qc7 17. fxe5 Nd5 18. Qg3 h6 19. Bd2 Rxa3 20. bxa3
Bxa3+ 21. Kb1 Qb7+ 22. Nb5 Qxb5+ 23. Qb3 O-O 24. Ka2 Qc5 25. Ra1 Nc3+ 26. Bxc3
Bxb3+ 27. Kb1 Rb8 0-1

[Event "European Youth Chess Championship B16"]
[Site "Prague, Top Hotel Prague"]
[Date "2016.08.27"]
[Round "9.49"]
[White "Pantzar, Milton"]
[Black "Batashevs, Arsens"]
[Result "1-0"]
[WhiteElo "2135"]
[BlackElo "1969"]
[PlyCount "59"]
[EventDate "2016.08.18"]

1. d4 c5 2. d5 g6 3. c4 Bg7 4. e4 d6 5. Nc3 Bxc3+ 6. bxc3 Qa5 7. Qb3 Nf6 8. Bd3
Qa6 9. f4 e6 10. Qc2 O-O 11. e5 dxe5 12. fxe5 Nfd7 13. Nf3 exd5 14. cxd5 c4 15.
Be4 f5 16. exf6 Qxf6 17. O-O Ne5 18. Bh6 Nxf3+ 19. Rxf3 Qb6+ 20. Be3 Qd6 21.
Rxf8+ Qxf8 22. Rf1 Qe8 23. Qf2 Bf5 24. Bxf5 gxf5 25. Bd4 Qg6 26. Qf4 Nd7 27.
Rf3 Kf8 28. Rg3 Qf7 29. Qd6+ Qe7 30. Rg8+ 1-0

[Event "European Youth Chess Championship B16"]
[Site "Prague, Top Hotel Prague"]
[Date "2016.08.27"]
[Round "9.50"]
[White "Simet, Martin"]
[Black "Chwistek, Karel"]
[Result "1/2-1/2"]
[WhiteElo "2058"]
[BlackElo "1961"]
[PlyCount "38"]
[EventDate "2016.08.18"]

1. e4 c5 2. Nc3 Nc6 3. g4 e5 4. d3 d6 5. h3 Be6 6. Bg2 Be7 7. Nd5 Qd7 8. c3
O-O-O 9. Be3 g6 10. b4 cxb4 11. Qa4 Bxd5 12. exd5 Nb8 13. Qxa7 Qb5 14. c4 Qa6
15. Rb1 Qxa7 16. Bxa7 Na6 17. Bb6 Rd7 18. Ba5 Bd8 19. Bxd8 Kxd8 1/2-1/2

[Event "European Youth Chess Championship B16"]
[Site "Prague, Top Hotel Prague"]
[Date "2016.08.27"]
[Round "9.51"]
[White "Landi, Alberto"]
[Black "Slomczewski, Michal"]
[Result "1-0"]
[WhiteElo "2057"]
[BlackElo "1920"]
[PlyCount "95"]
[EventDate "2016.08.18"]

1. e4 c6 2. d4 d5 3. exd5 cxd5 4. c4 Nf6 5. Nc3 Nc6 6. Nf3 e6 7. cxd5 exd5 8.
Bb5 Bd6 9. O-O O-O 10. Bg5 Be6 11. Re1 Qc7 12. Bxf6 gxf6 13. Bd3 Kh8 14. Ng5
fxg5 15. Qh5 f5 16. Rxe6 Qd7 17. Rh6 Nxd4 18. Re1 Bb4 19. Re5 Bxc3 20. bxc3 Nc6
21. Rxd5 Qe7 22. g4 Rf7 23. Rxf5 Raf8 24. Rxh7+ Rxh7 25. Rxf8+ Kg7 26. Qxh7+
Kxf8 27. Qxe7+ Kxe7 28. Be4 Ne5 29. h3 b5 30. Kg2 Ke6 31. Kg3 a5 32. f4 gxf4+
33. Kxf4 Nc4 34. h4 Nb6 35. Bc6 Na4 36. Bxb5 Nxc3 37. Bc4+ Kf6 38. g5+ Kg7 39.
h5 a4 40. h6+ Kh7 41. Bd3+ Kh8 42. g6 Nd5+ 43. Ke5 Ne7 44. g7+ Kg8 45. Bc4+ Kh7
46. Kf6 Ng8+ 47. Bxg8+ Kxg8 48. Kg6 1-0

[Event "European Youth Chess Championship B16"]
[Site "Prague, Top Hotel Prague"]
[Date "2016.08.27"]
[Round "9.52"]
[White "Acs, Marton"]
[Black "Bryker, Oleksandr"]
[Result "0-1"]
[WhiteElo "2030"]
[BlackElo "1852"]
[PlyCount "70"]
[EventDate "2016.08.18"]

1. Nf3 Nf6 2. c4 e6 3. g3 c5 4. Bg2 Nc6 5. O-O Be7 6. d4 cxd4 7. Nxd4 O-O 8.
Nc3 e5 9. Nf5 d6 10. Nxe7+ Qxe7 11. Bg5 Be6 12. b3 Rad8 13. f4 h6 14. Bxf6 Qxf6
15. f5 Bxf5 16. Nd5 Qe6 17. b4 Bh3 18. b5 Bxg2 19. Kxg2 Ne7 20. e4 Rc8 21. Ne3
f5 22. exf5 Nxf5 23. Nxf5 Rxf5 24. Rxf5 Qxf5 25. Qd5+ Kh7 26. Rf1 Qc2+ 27. Rf2
Qxc4 28. Qxb7 d5 29. Qxa7 Qxb5 30. a4 Qc6 31. Qe7 d4+ 32. Kh3 Re8 33. Qf7 e4
34. Qf5+ Kh8 35. Rd2 Qxa4 0-1

[Event "European Youth Chess Championship B16"]
[Site "Prague, Top Hotel Prague"]
[Date "2016.08.27"]
[Round "9.53"]
[White "Horvath, Tomas"]
[Black "Bauer, Miroslav"]
[Result "1-0"]
[WhiteElo "2014"]
[BlackElo "1327"]
[PlyCount "41"]
[EventDate "2016.08.18"]

1. e4 d6 2. d4 Nf6 3. Nc3 Nbd7 4. f4 e5 5. Nf3 exd4 6. Qxd4 c5 7. Qd1 Be7 8. e5
dxe5 9. fxe5 Ng4 10. Bf4 Qb6 11. Nd5 Qd8 12. e6 Nb6 13. Nc7+ Kf8 14. Qxd8+ Bxd8
15. Nxa8 Nxa8 16. h3 Nf6 17. Bd6+ Be7 18. Bxe7+ Kxe7 19. exf7 Kxf7 20. Bc4+ Be6
21. Ng5+ 1-0

[Event "European Youth Chess Championship B16"]
[Site "Prague, Top Hotel Prague"]
[Date "2016.08.27"]
[Round "9.54"]
[White "Pavelka, Hubert Jan"]
[Black "Markovic, Dino"]
[Result "1/2-1/2"]
[WhiteElo "1934"]
[BlackElo "2012"]
[PlyCount "45"]
[EventDate "2016.08.18"]

1. b3 Nf6 2. Bb2 g6 3. e3 Bg7 4. f4 O-O 5. Nf3 c5 6. Be2 Nc6 7. O-O d5 8. h3 e6
9. d3 b6 10. Ne5 Bb7 11. Nd2 Qc7 12. Nxc6 Bxc6 13. Be5 Qb7 14. Bf3 Rfd8 15. Qe1
Rac8 16. g4 Ne8 17. Bxg7 Nxg7 18. e4 f5 19. e5 b5 20. Qf2 d4 21. Qh4 Bxf3 22.
Nxf3 Ne8 23. Ng5 1/2-1/2

[Event "European Youth Chess Championship B16"]
[Site "Prague, Top Hotel Prague"]
[Date "2016.08.27"]
[Round "9.55"]
[White "Kuchar, Matej"]
[Black "Durbano, Gabriele"]
[Result "0-1"]
[WhiteElo "1873"]
[BlackElo "2002"]
[PlyCount "80"]
[EventDate "2016.08.18"]

1. e4 e6 2. d4 d5 3. Nd2 Nf6 4. Bd3 c5 5. c3 cxd4 6. cxd4 dxe4 7. Nxe4 Bd7 8.
Ne2 Bc6 9. Nxf6+ Qxf6 10. O-O Bd6 11. Be3 Nd7 12. Ng3 Qh4 13. Re1 Nf6 14. Qd2
h6 15. Nf1 Nd5 16. a3 O-O 17. Bc4 Rac8 18. Ba2 Rfd8 19. Qe2 Nf4 20. Bxf4 Qxf4
21. Rad1 Qg5 22. Ne3 Bc7 23. Rd2 Ba5 24. b4 Bb6 25. Qd1 a5 26. Bb1 axb4 27.
axb4 Ra8 28. Qc2 g6 29. Qb2 Rd7 30. Bc2 Rad8 31. Red1 h5 32. Bb3 h4 33. h3 Bf3
34. Re1 Bxd4 35. Rxd4 Rxd4 36. Kf1 Bc6 37. Ng4 Rxg4 38. hxg4 Qxg4 39. f3 Qxb4
40. Qf6 Bb5+ 0-1

[Event "European Youth Chess Championship B16"]
[Site "Prague, Top Hotel Prague"]
[Date "2016.08.27"]
[Round "9.56"]
[White "Zizka, Petr"]
[Black "Pobor, Danilo"]
[Result "1/2-1/2"]
[WhiteElo "2010"]
[BlackElo "1783"]
[PlyCount "113"]
[EventDate "2016.08.18"]

1. b3 d5 2. Bb2 Nf6 3. e3 g6 4. f4 Bg7 5. Nf3 c5 6. Ne5 Qc7 7. Bb5+ Bd7 8. Nxd7
Nbxd7 9. O-O O-O 10. Qf3 a6 11. Bxd7 Qxd7 12. d3 Rfd8 13. Be5 d4 14. Bxf6 exf6
15. e4 f5 16. Nd2 b5 17. a4 fxe4 18. Nxe4 c4 19. axb5 cxd3 20. cxd3 Qxb5 21.
Rfb1 Rac8 22. b4 Rc2 23. Nc5 Qe8 24. Re1 Qb5 25. Qd1 Rc3 26. Qa4 Qb8 27. Rf1
Bf8 28. Nxa6 Qb6 29. Rfd1 Qe6 30. b5 Qe3+ 31. Kh1 Qxf4 32. Rf1 Qh4 33. Qa2 Rd7
34. Rf3 Bd6 35. g3 Qe7 36. Raf1 Qe8 37. b6 Rc6 38. Qb2 Rb7 39. Qxd4 Rcxb6 40.
Nc5 Bxc5 41. Qxc5 Rb1 42. Qc4 Rxf1+ 43. Rxf1 Rb2 44. Qe4 Qxe4+ 45. dxe4 Kf8 46.
Kg1 Ke7 47. Rf2 Rxf2 48. Kxf2 Ke6 49. Ke3 Ke5 50. Kd3 g5 51. h3 h5 52. Ke3 h4
53. gxh4 gxh4 54. Kf3 Kd4 55. Kf4 Kd3 56. Kf3 Kd4 57. Kf4 1/2-1/2

[Event "European Youth Chess Championship B16"]
[Site "Prague, Top Hotel Prague"]
[Date "2016.08.27"]
[Round "9.57"]
[White "Aubrecht, Petr"]
[Black "Pasha, Tariq"]
[Result "1/2-1/2"]
[WhiteElo "1959"]
[BlackElo "1756"]
[PlyCount "111"]
[EventDate "2016.08.18"]

1. b3 e5 2. Bb2 Nc6 3. e3 Nf6 4. Nf3 e4 5. Nd4 Nxd4 6. Bxd4 Be7 7. d3 exd3 8.
Bxd3 d5 9. Nd2 O-O 10. O-O c5 11. Bb2 Bd6 12. Bxf6 Qxf6 13. Qh5 Qh6 14. Qxh6
gxh6 15. c4 Rd8 16. cxd5 Bxh2+ 17. Kxh2 Rxd5 18. Ne4 Rxd3 19. Nxc5 Rd5 20. Ne4
Re5 21. Nd6 b6 22. Rfc1 Be6 23. Rc7 Ra5 24. b4 Rxa2 25. Rxa2 Bxa2 26. Nc8 a5
27. Nxb6 Ra6 28. bxa5 Rxa5 29. Nc4 Rh5+ 30. Kg3 Rg5+ 31. Kf3 Bb3 32. g3 h5 33.
Nd6 Be6 34. e4 Kg7 35. Kf4 Rg4+ 36. Ke5 h4 37. gxh4 Rxh4 38. Rxf7+ Bxf7 39.
Nf5+ Kg6 40. Nxh4+ Kg5 41. Nf3+ Kg4 42. Ng1 h5 43. Kf6 Bc4 44. e5 Bb5 45. e6 h4
46. Ke5 Bc4 47. e7 Bb5 48. f4 h3 49. Nxh3 Kxh3 50. Kf6 Be8 51. Kg5 Kg3 52. f5
Kf3 53. Kf6 Kf4 54. Ke6 Kg5 55. Ke5 Bf7 56. f6 1/2-1/2

[Event "European Youth Chess Championship B16"]
[Site "Prague, Top Hotel Prague"]
[Date "2016.08.27"]
[Round "9.58"]
[White "Burhanov, Vassily"]
[Black "Nemec, Jakub"]
[Result "1-0"]
[WhiteElo "1888"]
[BlackElo "1563"]
[PlyCount "43"]
[EventDate "2016.08.18"]

1. e4 c5 2. Nc3 Nc6 3. g3 g6 4. Bg2 Bg7 5. d3 e6 6. Be3 b6 7. Qd2 Nge7 8. Bh6
O-O 9. h4 Bxh6 10. Qxh6 Kh8 11. h5 Ng8 12. Qd2 g5 13. f4 h6 14. O-O-O Bb7 15.
Nge2 f5 16. d4 Qe7 17. dxc5 bxc5 18. e5 Rfd8 19. Nb5 Na5 20. Qxa5 Bxg2 21. Rh2
Bd5 22. Nc7 1-0

[Event "European Youth Chess Championship B16"]
[Site "Prague, Top Hotel Prague"]
[Date "2016.08.27"]
[Round "9.59"]
[White "Stastny, Petr"]
[Black "Jurasek, Vojtech"]
[Result "0-1"]
[WhiteElo "1476"]
[BlackElo "1859"]
[PlyCount "102"]
[EventDate "2016.08.18"]

1. e4 c5 2. Nf3 e6 3. d3 Qc7 4. g3 a6 5. a4 b6 6. Bg2 d6 7. O-O Bb7 8. Be3 Nd7
9. Nbd2 Ne7 10. Nh4 g6 11. f4 Bg7 12. c3 O-O-O 13. d4 Rhf8 14. b4 f5 15. Qe2
Kb8 16. a5 bxa5 17. bxa5 d5 18. e5 c4 19. Rfb1 Ka8 20. Nxc4 Qxc4 21. Qxc4 dxc4
22. Rxb7 Nd5 23. Rab1 Rb8 24. Rxb8+ Rxb8 25. Rxb8+ Nxb8 26. Bd2 Nc6 27. Nf3 Bh6
28. Ne1 Kb8 29. Nc2 Nxa5 30. Na3 Nb6 31. h3 Bf8 32. Bc1 Kc8 33. g4 Na4 34. Bf1
Nb3 35. Bxc4 Nxc1 36. Nb1 a5 37. gxf5 exf5 38. Bg8 Ne2+ 39. Kf1 Nxf4 40. Bxh7
Kd7 41. Kf2 Ke7 42. Kf3 Bh6 43. Bg8 Nxh3 44. Ba2 Bc1 45. d5 Bb2 46. d6+ Kd7 47.
Bf7 Ng5+ 48. Kf4 Nxf7 49. Nd2 Bxc3 50. Nc4 Bxe5+ 51. Nxe5+ Nxe5 0-1

[Event "European Youth Chess Championship B16"]
[Site "Prague, Top Hotel Prague"]
[Date "2016.08.27"]
[Round "9.61"]
[White "Dabos, Doukas Ioannis"]
[Black "Piskac, Marek"]
[Result "1/2-1/2"]
[WhiteElo "1815"]
[BlackElo "1711"]
[PlyCount "56"]
[EventDate "2016.08.18"]

1. d4 d5 2. Bf4 Nf6 3. e3 Bf5 4. c4 e6 5. Nc3 c6 6. Qb3 Qb6 7. c5 Qxb3 8. axb3
Nbd7 9. h3 Be7 10. Nf3 O-O 11. b4 a6 12. Be2 Ne4 13. Nxe4 Bxe4 14. O-O Bf6 15.
Nd2 Bg6 16. Bd6 Rfe8 17. f4 Rac8 18. g4 h6 19. Nf3 Be4 20. Ne5 Nf8 21. Bxf8
Kxf8 22. Nd7+ Ke7 23. Nxf6 Kxf6 24. Rf2 Ke7 25. Raf1 f5 26. Kh2 g6 27. Rg1 Rg8
28. g5 h5 1/2-1/2

[Event "European Youth Chess Championship B16"]
[Site "Prague, Top Hotel Prague"]
[Date "2016.08.27"]
[Round "9.62"]
[White "Kildea, Robbie"]
[Black "Rolinek, Dominik"]
[Result "0-1"]
[WhiteElo "1626"]
[BlackElo "1753"]
[PlyCount "60"]
[EventDate "2016.08.18"]

1. e4 c5 2. d4 cxd4 3. c3 dxc3 4. Nxc3 e6 5. Nf3 Nc6 6. Bf4 a6 7. Bc4 d6 8. Qe2
Be7 9. Rd1 Qc7 10. O-O Nf6 11. Ng5 O-O 12. Rfe1 e5 13. Be3 h6 14. Nxf7 Rxf7 15.
Bxf7+ Kxf7 16. Qc4+ Be6 17. Nd5 Qd8 18. Qc2 Rc8 19. Bb6 Qd7 20. Nxe7 Nxe7 21.
Qd2 Rc6 22. Ba5 Bxa2 23. Qb4 Bc4 24. f4 Ng6 25. fxe5 Nxe5 26. Re3 Bb5 27. Qd4
Rc4 28. Qxd6 Qxd6 29. Rxd6 Rc1+ 30. Be1 Nfg4 0-1

[Event "European Youth Chess Championship B16"]
[Site "Prague, Top Hotel Prague"]
[Date "2016.08.27"]
[Round "9.63"]
[White "Mouthuy, Jacky-Long"]
[Black "Temmerman, Sander"]
[Result "1/2-1/2"]
[WhiteElo "1564"]
[BlackElo "1659"]
[PlyCount "58"]
[EventDate "2016.08.18"]

1. e4 e5 2. Nf3 Nc6 3. Bc4 Bc5 4. c3 Nf6 5. d4 exd4 6. cxd4 Bb4+ 7. Bd2 Bxd2+
8. Nbxd2 d6 9. O-O O-O 10. h3 d5 11. exd5 Nxd5 12. Ne4 h6 13. Re1 Bf5 14. Nc5
b6 15. Ne5 Nxe5 16. Rxe5 Ne7 17. Ne4 Qd7 18. Qf3 Bg6 19. d5 Rad8 20. Rd1 Nc6
21. Rh5 Bxh5 22. Qxh5 Na5 23. Bd3 Qe7 24. g4 f6 25. Qf5 Qe5 26. Qg6 Qe8 27. Qf5
Qe5 28. Qg6 Qe8 29. Qf5 Qe5 1/2-1/2

[Event "European Youth Chess Championship B16"]
[Site "Prague, Top Hotel Prague"]
[Date "2016.08.27"]
[Round "9.64"]
[White "Fleri, Matthew"]
[Black "Hung, Do"]
[Result "0-1"]
[WhiteElo "1276"]
[BlackElo "1766"]
[PlyCount "56"]
[EventDate "2016.08.18"]

1. e4 e5 2. Nf3 Nc6 3. Bc4 Bc5 4. Nc3 Nf6 5. O-O d6 6. d3 h6 7. h3 O-O 8. Be3
Bb6 9. d4 exd4 10. Nxd4 Ne5 11. Bb3 Re8 12. f4 Nc6 13. Qd3 Bd7 14. a3 Qe7 15.
Rae1 Ba5 16. Bf2 Rad8 17. Re2 Bxc3 18. bxc3 Nxe4 19. Rfe1 Nxf2 20. Kxf2 Qh4+
21. Kg1 Rxe2 22. Rxe2 Qf6 23. Nb5 Rc8 24. Kh1 Qxf4 25. Qc4 Qxc4 26. Bxc4 Ne5
27. Bb3 Bxb5 28. Rf2 Bc4 0-1

[Event "European Youth Chess Championship G8"]
[Site "Prague, Top Hotel Prague"]
[Date "2016.08.20"]
[Round "3.1"]
[White "Ider, Ariuna"]
[Black "Shvedova, Alexandra"]
[Result "0-1"]
[WhiteElo "1116"]
[BlackElo "1485"]
[PlyCount "46"]
[EventDate "2016.08.18"]

1. d4 d5 2. Nf3 Nf6 3. Bf4 c5 4. c3 e6 5. e3 a6 6. Bd3 Nbd7 7. Nbd2 c4 8. Bc2
Be7 9. Ne5 Nxe5 10. dxe5 Nd7 11. Qh5 Nf8 12. g4 Ng6 13. O-O-O Bd7 14. e4 Nxf4
15. Qxh7 Rxh7 16. exd5 Nd3+ 17. Bxd3 cxd3 18. dxe6 Bxe6 19. f3 Rc8 20. a3 Qb6
21. Ne4 Bc4 22. g5 Qb3 23. f4 Qc2# 0-1

[Event "European Youth Chess Championship G8"]
[Site "Prague, Top Hotel Prague"]
[Date "2016.08.20"]
[Round "3.3"]
[White "Sikorova, Jana"]
[Black "Maria, Lia-Alexandra"]
[Result "0-1"]
[WhiteElo "1104"]
[BlackElo "1356"]
[PlyCount "120"]
[EventDate "2016.08.18"]

1. e4 c5 2. Nf3 e6 3. d4 cxd4 4. Nxd4 a6 5. Nc3 d6 6. Be2 Nd7 7. O-O Ngf6 8.
Bg5 Be7 9. Qd2 O-O 10. h3 Nc5 11. f3 Ncd7 12. Bxf6 Bxf6 13. Rad1 Qb6 14. Kh1
Be7 15. f4 e5 16. fxe5 dxe5 17. Nf5 Bf6 18. a3 Qxb2 19. Ra1 Qb6 20. Rfb1 Qa7
21. Nd5 b5 22. Nxf6+ Nxf6 23. Qg5 Bxf5 24. Qxf5 Qc7 25. Bd3 Rac8 26. Ra2 Rfe8
27. Rf1 Qa5 28. Rf3 Qe1+ 29. Kh2 Qh4 30. Rg3 Qf4 31. Qg5 Qxg5 32. Rxg5 Rc3 33.
a4 Rc5 34. axb5 axb5 35. Ra1 b4 36. Rf1 Nd7 37. Rf3 h6 38. Rg4 Re7 39. Rfg3 f6
40. Rf3 Rc7 41. Rf1 Kh7 42. Rb1 Rb7 43. c3 b3 44. c4 Nc5 45. Rg3 b2 46. Re3
Red7 47. Be2 Rd2 48. Ra3 Rxe2 49. Ra5 Rc7 50. Kg3 Rc2 51. Kg4 Nd3 52. Ra3 Rc1
53. Rxd3 Rxb1 54. Rb3 Rxc4 55. Kf3 Rc2 56. Ke3 Rbc1 57. Kd3 Rc3+ 58. Ke2 Rxb3
59. Kf2 b1=Q 60. g3 Qa2# 0-1

[Event "European Youth Chess Championship G8"]
[Site "Prague, Top Hotel Prague"]
[Date "2016.08.21"]
[Round "4.1"]
[White "Shvedova, Alexandra"]
[Black "Christodoulou, Georgia"]
[Result "1-0"]
[WhiteElo "1485"]
[BlackElo "1197"]
[PlyCount "89"]
[EventDate "2016.08.18"]

1. e4 e6 2. d4 d5 3. Nd2 Nf6 4. e5 Nfd7 5. c4 c5 6. cxd5 exd5 7. f4 cxd4 8. Nb3
Bb4+ 9. Bd2 Bxd2+ 10. Qxd2 O-O 11. Nf3 Re8 12. Qxd4 Nb6 13. Bd3 Nc6 14. Qc3 f6
15. O-O Rf8 16. a3 Bg4 17. Qc2 f5 18. Ng5 Qd7 19. h3 Bh5 20. e6 Qe7 21. Bxf5 g6
22. Bd3 Nd8 23. g4 Bxg4 24. hxg4 Nxe6 25. Rae1 Rac8 26. Qe2 Rc6 27. Nxe6 Re8
28. Ned4 Qxe2 29. Rxe2 Rxe2 30. Bxe2 Rc8 31. f5 gxf5 32. Rxf5 Na4 33. Rxd5 Nxb2
34. Rd7 Rb8 35. Bf3 Nd3 36. Rxb7 Re8 37. Bd5+ Kh8 38. Ne6 Rg8 39. g5 Rd8 40.
Nxd8 Nf4 41. Be4 Kg8 42. Bxh7+ Kh8 43. g6 Ne6 44. Nxe6 a5 45. Rb8# 1-0

[Event "European Youth Chess Championship G8"]
[Site "Prague, Top Hotel Prague"]
[Date "2016.08.21"]
[Round "4.2"]
[White "Maria, Lia-Alexandra"]
[Black "Bellahcene, Jena"]
[Result "1-0"]
[WhiteElo "1356"]
[BlackElo "1177"]
[PlyCount "95"]
[EventDate "2016.08.18"]

1. c4 e5 2. e3 Nc6 3. a3 Nf6 4. Nc3 Bc5 5. b4 Bb6 6. c5 Bxc5 7. bxc5 b6 8. cxb6
axb6 9. Bb2 d5 10. Bb5 Bb7 11. Nf3 Qe7 12. O-O O-O 13. Qc2 Nd8 14. Na2 e4 15.
Nd4 c5 16. Nf5 Qe6 17. Ng3 Ra5 18. Be2 Nc6 19. f3 Re8 20. Bxf6 Qxf6 21. fxe4
Qe6 22. exd5 Qxd5 23. Bc4 Qe5 24. Bxf7+ Kh8 25. Bxe8 Qxe8 26. Qf5 Ra8 27. Ne4
Ne7 28. Qe5 h6 29. Nd6 Qc6 30. Rf2 Ng6 31. Qg3 Nf8 32. Nf5 Qd7 33. Raf1 Bd5 34.
Nc3 Be6 35. Nxh6 gxh6 36. Rxf8+ Rxf8 37. Rxf8+ Kh7 38. Ne4 Qe7 39. Re8 Qf7 40.
Rb8 Bd5 41. Qh4 Qg6 42. Qe7+ Qf7 43. Qh4 Qg6 44. Nf6+ Kg7 45. Nxd5 Qb1+ 46. Kf2
Qf5+ 47. Nf4 Kh7 48. Qe7+ 1-0

[Event "European Youth Chess Championship G8"]
[Site "Prague, Top Hotel Prague"]
[Date "2016.08.21"]
[Round "4.29"]
[White "Espinosa, Cancino Carolina"]
[Black "Teyssier, Chloe"]
[Result "1/2-1/2"]
[WhiteElo "1365"]
[BlackElo "1216"]
[PlyCount "52"]
[EventDate "2016.08.18"]

1. d4 d5 2. c4 c6 3. Nc3 Nf6 4. Nf3 Bf5 5. Bf4 Nbd7 6. e3 e6 7. Be2 Bb4 8. Qb3
Qa5 9. O-O O-O 10. a3 Bxc3 11. Qxc3 Qxc3 12. bxc3 Ne4 13. Rac1 Rad8 14. Bd3
Ndf6 15. Ne5 dxc4 16. Nxc4 b5 17. Ne5 Rc8 18. f3 Nd6 19. Bxf5 Nxf5 20. e4 Ne7
21. g3 Ng6 22. Bg5 Nxe5 23. dxe5 Nd7 24. f4 Nb6 25. Rcd1 Na4 26. Rc1 Nb2
1/2-1/2

[Event "European Youth Chess Championship G8"]
[Site "Prague, Top Hotel Prague"]
[Date "2016.08.22"]
[Round "5.1"]
[White "Vlasova, Olesia"]
[Black "Shvedova, Alexandra"]
[Result "1/2-1/2"]
[WhiteElo "1301"]
[BlackElo "1485"]
[PlyCount "52"]
[EventDate "2016.08.18"]

1. e4 e5 2. Nf3 Nc6 3. Bb5 a6 4. Bxc6 dxc6 5. O-O Ne7 6. Nxe5 Qd4 7. Nf3 Qxe4
8. Re1 Qg6 9. d3 Bh3 10. Nh4 Qg4 11. Qxg4 Bxg4 12. Bf4 O-O-O 13. Nd2 Nd5 14.
Bg3 Nb4 15. Rec1 c5 16. a3 Nc6 17. Re1 Nd4 18. Re4 f5 19. Rxd4 cxd4 20. h3 Bh5
21. Nxf5 Rd5 22. Nh4 g5 23. Nhf3 Bg7 24. Re1 Rc5 25. Rc1 Rd5 26. Re1 Rc5
1/2-1/2

[Event "European Youth Chess Championship G8"]
[Site "Prague, Top Hotel Prague"]
[Date "2016.08.24"]
[Round "6.1"]
[White "Maria, Lia-Alexandra"]
[Black "Vlasova, Olesia"]
[Result "0-1"]
[WhiteElo "1356"]
[BlackElo "1301"]
[PlyCount "92"]
[EventDate "2016.08.18"]

1. d4 Nf6 2. Nf3 c5 3. Nc3 e6 4. Bg5 d5 5. e3 Be7 6. Bb5+ Bd7 7. Bxd7+ Nbxd7 8.
O-O O-O 9. Bf4 Qb6 10. b3 Rac8 11. Na4 Qc6 12. Rc1 Ne4 13. Ne5 Nxe5 14. dxe5 c4
15. Qg4 Kh8 16. Nb2 Ba3 17. f3 Nd2 18. Rf2 Bxb2 19. Rd1 c3 20. Bg3 a5 21. f4
Ne4 22. Rf3 Nxg3 23. Rxg3 Rg8 24. Rh3 h6 25. Qh5 Qe8 26. Qg5 Kh7 27. Qg4 f6 28.
exf6 gxf6 29. Qh4 Qg6 30. Rg3 Qxc2 31. Rf1 Rxg3 32. hxg3 Qg6 33. f5 exf5 34.
Qa4 Rc6 35. Qd4 Qxg3 36. Qxd5 Qxe3+ 37. Kh2 Qe5+ 38. Qxe5 fxe5 39. Rxf5 c2 40.
Rf7+ Kg6 41. Rxb7 c1=Q 42. Rb8 Qf4+ 43. g3 Rc2+ 44. Kh3 Qf5+ 45. g4 Qf3+ 46.
Kh4 Rh2# 0-1

[Event "European Youth Chess Championship G8"]
[Site "Prague, Top Hotel Prague"]
[Date "2016.08.24"]
[Round "6.3"]
[White "Mikhailina, Olga"]
[Black "Ider, Ariuna"]
[Result "1-0"]
[WhiteElo "1262"]
[BlackElo "1116"]
[PlyCount "119"]
[EventDate "2016.08.18"]

1. Nf3 d5 2. g3 Nf6 3. Bg2 Bf5 4. O-O e6 5. d3 Bc5 6. Nbd2 Nc6 7. b3 Qe7 8. Bb2
O-O-O 9. a3 e5 10. b4 Bb6 11. b5 e4 12. Nh4 Nd4 13. Bxd4 Bxd4 14. Nxf5 Qe5 15.
Nxd4 Qxd4 16. Nb3 Qe5 17. Bh3+ Kb8 18. d4 Qh5 19. Bg2 Ng4 20. h3 Nf6 21. e3 Qh6
22. a4 Qg6 23. a5 h5 24. Qd2 h4 25. g4 Nxg4 26. hxg4 h3 27. Qe2 hxg2 28. Kxg2
f5 29. Rh1 fxg4 30. Rxh8 Rxh8 31. Rh1 Rf8 32. Kf1 g3 33. Rg1 Qg5 34. Rg2 Qh4
35. Ke1 Qh1+ 36. Qf1 gxf2+ 37. Rxf2 Qh4 38. Ke2 Qg4+ 39. Kd2 Rf3 40. Qg2 Rxf2+
41. Qxf2 Qf3 42. Qxf3 exf3 43. Ke1 g5 44. Kf2 g4 45. Nd2 Kc8 46. Kg3 Kd7 47.
Kxg4 f2 48. Kf3 Ke6 49. Kxf2 Kf5 50. Kf3 c6 51. bxc6 bxc6 52. c4 a6 53. cxd5
cxd5 54. Nb3 Ke6 55. Nc5+ Kd6 56. Nxa6 Kc6 57. Nc5 Kb5 58. a6 Kb6 59. Kf4 Ka7
60. Ke5 1-0